[Event "Besancon op"]
[Site "Besancon"]
[Date "1998.??.??"]
[Round "?"]
[White "Foisor, Cristina Adela B"]
[Black "Sermier, Alain"]
[Result "1-0"]
[WhiteElo "2405"]
[BlackElo "2175"]
[PlyCount "136"]
[EventDate "1998.??.??"]
[EventType "swiss"]
[EventRounds "7"]
[EventCountry "FRA"]
[SourceTitle "EXT 1999"]
[Source "ChessBase"]
[SourceDate "1998.11.16"]
[SourceVersion "1"]
[SourceVersionDate "1998.11.16"]
[SourceQuality "1"]

1. Nf3 d5 2. c4 e6 3. g3 c6 4. Bg2 Nf6 5. b3 Be7 6. 0-0 0-0 7. d4 Ne4 8. Qc2 f5 9. Ne5 Nd7 10. Nd3 Bf6 11. Bb2 Nb6 12. c5 Nd7 13. f3 Ng5 14. Nd2 Re8 15. e4 Nf8 16. Ne5 g6 17. b4 Bd7 18. Bc3 Qc7 19. Rae1 Bg7 20. Re2 Nf7 21. Qb2 a6 22. Nb3 Bh6 23. Bd2 Bxd2 24. Rxd2 Rad8 25. Nc1 Nxe5 26. dxe5 Bc8 27. exf5 exf5 28. f4 Ne6 29. Ne2 Kf7 30. Nd4 Nxd4 31. Qxd4 Be6 32. Rb1 Ra8 33. Bf1 Ra7 34. a4 Rea8 35. h3 Kg7 36. Be2 Qe7 37. Rb3 Kh8 38. Bd1 Qg7 39. Rdb2 Qh6 40. Kg2 g5 41. fxg5 Qxg5 42. Qf4 Qxf4 43. gxf4 Rd8 44. Ra3 Raa8 45. Kf2 Rd7 46. Rd2 Rg8 47. Rg3 d4 48. Rxg8+ Kxg8 49. Bc2 Kg7 50. Rd3 Kh6 51. Rg3 Rg7 52. Rd3 Rd7 53. Rd1 Kh5 54. Bd3 Kh6 55. Rc1 Rd8 56. Rg1 Rd7 57. Rg5 Rg7 58. h4 Rxg5 59. fxg5+ Kg6 60. Kg3 h6 61. gxh6 Kxh6 62. Kf4 Kh5 63. Bxf5 Bxf5 64. Kxf5 d3 65. e6 d2 66. e7 d1Q 67. e8Q+ Kxh4 68. Qe7+ Kg3 1-0

[Event "FRA-chT"]
[Site "France"]
[Date "1995.??.??"]
[Round "?"]
[White "Sermier, Alain"]
[Black "Guyard, Bertrand"]
[Result "1/2-1/2"]
[WhiteElo "2160"]
[BlackElo "2205"]
[PlyCount "91"]
[EventDate "1995.??.??"]
[EventType "team-tourn"]
[EventRounds "5"]
[EventCountry "FRA"]
[SourceTitle "EXT 2005"]
[Source "ChessBase"]
[SourceDate "2004.11.15"]
[SourceVersion "1"]
[SourceVersionDate "2004.11.15"]
[SourceQuality "1"]

1. e4 e5 2. Nf3 Nc6 3. Bc4 Bc5 4. Nc3 Nf6 5. d3 h6 6. Be3 Bb6 7. Nd5 d6 8. c3 Nxd5 9. Bxd5 0-0 10. Qd2 Qf6 11. h3 Be6 12. Bxe6 fxe6 13. 0-0 d5 14. Bxb6 axb6 15. Nh2 Qg6 16. Qe2 d4 17. c4 h5 18. Nf3 Rf4 19. Kh2 Raf8 20. Ng1 Qf7 21. f3 Ne7 22. g3 Rf6 23. h4 Kh8 24. Kg2 Rg6 25. Nh3 Qf6 26. Kh2 Ng8 27. f4 Rg4 28. fxe5 Qxe5 29. Rf4 Nf6 30. Raf1 Kg8 31. Ng5 Rxf4 32. gxf4 Ng4+ 33. Kg3 Qf6 34. Rf3 Ne3 35. b3 g6 36. Kh2 Ng4+ 37. Kg3 Ne3 38. Kh2 e5 39. fxe5 Qxe5+ 40. Kh1 Rf6 41. Rxf6 Qxf6 42. Qf3 Kg7 43. Kg1 c5 44. Kf2 Ng4+ 45. Ke2 Ne5 46. Qh3 1/2-1/2

[Event "FRA-chT"]
[Site "France"]
[Date "1995.??.??"]
[Round "?"]
[White "Sermier, Alain"]
[Black "Roos, Daniel"]
[Result "0-1"]
[WhiteElo "2165"]
[BlackElo "2450"]
[PlyCount "78"]
[EventDate "1995.??.??"]
[EventType "team-tourn"]
[EventRounds "5"]
[EventCountry "FRA"]
[SourceTitle "EXT 1997"]
[Source "ChessBase"]
[SourceDate "1996.11.15"]
[SourceVersion "1"]
[SourceVersionDate "1996.11.15"]
[SourceQuality "1"]

1. e4 c6 2. Nc3 d5 3. d4 dxe4 4. Nxe4 Nf6 5. Nxf6+ gxf6 6. Bc4 Bf5 7. Nf3 Nd7 8. Nh4 Bg6 9. Nxg6 hxg6 10. c3 e6 11. Bf4 Nb6 12. Qe2 Bd6 13. Bxd6 Qxd6 14. g3 0-0-0 15. 0-0-0 Nxc4 16. Qxc4 Rh3 17. Qa4 Kb8 18. c4 Qc7 19. f4 Rh5 20. Kb1 Qb6 21. Qa3 Rd7 22. Rd2 Qd8 23. Rhd1 Qh8 24. h4 b6 25. Qf3 Qc8 26. Rd3 Rd6 27. g4 Rxh4 28. f5 Qc7 29. fxg6 fxg6 30. c5 Rd5 31. Qxf6 Rxg4 32. cxb6 axb6 33. Rh1 Kb7 34. Qxe6 Qd7 35. Qg8 Qf5 36. Rh7+ Ka6 37. Qa8+ Kb5 38. Qa3 Rgxd4 39. Qb3+ Ka6 0-1

[Event "FRA-chT"]
[Site "France"]
[Date "1995.??.??"]
[Round "7"]
[White "Sermier, Alain"]
[Black "Verat, Laurent"]
[Result "1/2-1/2"]
[WhiteElo "2160"]
[BlackElo "2295"]
[PlyCount "129"]
[EventDate "1995.??.??"]
[EventType "team-tourn"]
[EventRounds "5"]
[EventCountry "FRA"]
[SourceTitle "EXT 2005"]
[Source "ChessBase"]
[SourceDate "2004.11.15"]
[SourceVersion "1"]
[SourceVersionDate "2004.11.15"]
[SourceQuality "1"]

1. e4 c6 2. d4 d5 3. Nc3 dxe4 4. Nxe4 Nd7 5. Nf3 Ngf6 6. Ng3 e6 7. Bd3 c5 8. c3 cxd4 9. cxd4 Bb4+ 10. Bd2 Qa5 11. 0-0 Bxd2 12. Nxd2 0-0 13. Qe2 Nb6 14. Nde4 Nbd5 15. Nxf6+ Nxf6 16. Ne4 Qd8 17. Nxf6+ Qxf6 18. Qe4 g6 19. Qe5 Kg7 20. Be4 Rd8 21. Rfd1 a5 22. g4 Bd7 23. g5 Qxe5 24. dxe5 Bc6 25. Bxc6 bxc6 26. Rac1 Rxd1+ 27. Rxd1 Rb8 28. Rd2 Rb5 29. f4 Rb4 30. Rf2 Kf8 31. Kg2 Ke7 32. Kf3 Kd7 33. Rd2+ Kc7 34. b3 a4 35. Rd3 axb3 36. axb3 c5 37. Ke3 Rb7 38. Kd2 Rb4 39. Ke3 Kc6 40. Kf3 Rb7 41. Ke3 Kb5 42. Kd2 Ra7 43. Kc3 Kc6 44. Kc4 Rb7 45. Rd6+ Kc7 46. Kxc5 Rxb3 47. Ra6 Kd7 48. Ra7+ Ke8 49. Kd4 Rb2 50. Ke4 Rxh2 51. Ra8+ Ke7 52. Rh8 Rh3 53. Kd4 Rh4 54. Ke3 Rh3+ 55. Kd4 Rh5 56. Ke3 Rh4 57. Kf3 Rh3+ 58. Kg4 Rh1 59. Kg3 Kd7 60. Rf8 Ke7 61. Rh8 Kd7 62. Rf8 Ke7 63. Rh8 Kd7 64. Rf8 Ke7 65. Rh8 1/2-1/2

[Event "FRA-ch Accession"]
[Site "Chambery"]
[Date "1994.??.??"]
[Round "6"]
[White "Bleunven, Andre"]
[Black "Sermier, Alain"]
[Result "0-1"]
[WhiteElo "2250"]
[BlackElo "2160"]
[PlyCount "76"]
[EventDate "1994.??.??"]
[EventType "swiss"]
[EventRounds "11"]
[EventCountry "FRA"]
[SourceTitle "EXT 2004"]
[Source "ChessBase"]
[SourceDate "2003.11.25"]
[SourceVersion "1"]
[SourceVersionDate "2003.11.25"]
[SourceQuality "1"]

1. Nf3 d5 2. c4 c6 3. g3 Nf6 4. Bg2 Nbd7 5. d4 e6 6. Qc2 Ne4 7. 0-0 Be7 8. b3 f5 9. Ba3 0-0 10. Bxe7 Qxe7 11. Nbd2 Qf6 12. e3 g5 13. b4 g4 14. Nh4 Nb6 15. c5 Nxd2 16. Qxd2 Nc4 17. Qc3 Bd7 18. a4 Rae8 19. Rfd1 e5 20. dxe5 Nxe5 21. Qb3 Re7 22. b5 Be6 23. Rd4 Ng6 24. Nxg6 hxg6 25. Rb1 g5 26. bxc6 bxc6 27. Qd1 Qh6 28. Rdb4 Bc8 29. Rb8 Rh7 30. Qd3 f4 31. exf4 gxf4 32. gxf4 Qxh2+ 33. Kf1 Qxf4 34. Qe2 Rhf7 35. R8b2 Qd4 36. Rc1 Ba6 37. Qxa6 Rxf2+ 38. Ke1 Qxb2 0-1

[Event "FRA"]
[Site "France"]
[Date "1993.??.??"]
[Round "?"]
[White "Caminade, Christian"]
[Black "Sermier, Alain"]
[Result "1/2-1/2"]
[WhiteElo "2205"]
[BlackElo "2245"]
[PlyCount "59"]
[EventDate "1993.??.??"]
[EventType "team-tourn"]
[EventRounds "11"]
[EventCountry "FRA"]
[SourceTitle "TD"]
[Source "ChessBase"]
[SourceDate "1994.03.01"]
[SourceVersion "1"]
[SourceVersionDate "1994.03.01"]
[SourceQuality "1"]

1. e4 e5 2. Nf3 Nc6 3. Nc3 Nf6 4. d4 exd4 5. Nd5 d6 6. Nxd4 Be7 7. Bc4 0-0 8. 0-0 Nxd5 9. Nxc6 bxc6 10. exd5 Bb7 11. Be3 Qd7 12. Qf3 cxd5 13. Bxd5 Bxd5 14. Qxd5 Bf6 15. c3 a5 16. Rfd1 a4 17. Bd4 Bxd4 18. Rxd4 Rfe8 19. Kf1 Rab8 20. Rd2 Rb5 21. Qd4 Rbe5 22. h3 Qe6 23. Kg1 h6 24. Qxa4 Re1+ 25. Rxe1 Qxe1+ 26. Kh2 Re2 27. Rxe2 Qxe2 28. Qa8+ Kh7 29. Qf3 Qxb2 30. Qf5+ 1/2-1/2

[Event "FRA"]
[Site "France"]
[Date "1993.??.??"]
[Round "?"]
[White "Sermier, Alain"]
[Black "Murey, Jacob"]
[Result "1/2-1/2"]
[WhiteElo "2245"]
[BlackElo "2530"]
[PlyCount "89"]
[EventDate "1993.??.??"]
[EventType "team-tourn"]
[EventRounds "11"]
[EventCountry "FRA"]
[SourceTitle "TD"]
[Source "ChessBase"]
[SourceDate "1994.03.01"]
[SourceVersion "1"]
[SourceVersionDate "1994.03.01"]
[SourceQuality "1"]

1. e4 c5 2. Nf3 Nc6 3. d4 cxd4 4. Nxd4 Nf6 5. Nc3 d6 6. Be2 g6 7. Be3 Bg7 8. Qd2 0-0 9. 0-0-0 Nxd4 10. Bxd4 Be6 11. f3 Rc8 12. g4 Qa5 13. a3 Bc4 14. g5 Nh5 15. Bxg7 Nxg7 16. Bxc4 Rxc4 17. Nd5 Qxd2+ 18. Rxd2 Re8 19. h4 Nh5 20. Rhd1 Kg7 21. Rd4 Rc6 22. R1d3 a6 23. Rb4 e6 24. Nf6 Nxf6 25. gxf6+ Kxf6 26. Rxb7 Re7 27. Rdb3 Rxb7 28. Rxb7 h5 29. Kd2 d5 30. f4 d4 31. a4 g5 32. hxg5+ Kg6 33. b4 h4 34. b5 axb5 35. axb5 Rc8 36. Ra7 h3 37. Ra1 Kh5 38. Kd3 Kg4 39. Kxd4 Rxc2 40. Ke5 Rb2 41. Kf6 Kxf4 42. Kxf7 Kxg5 43. Kxe6 Rxb5 44. Rh1 Rb6+ 45. Kd5 1/2-1/2